Joan edukira

Прочностные расчёты теплообменного оборудования учебное пособие

Представлен теоретический материал по расчётам на прочность основного теплообменного оборудования, используемого в химической, пищевой и фармацевтической промышленности. Приведены типовые схемы теплообменных аппаратов и представлен алгоритм прочностного расчёта. Рассмотрены методы определения допуск...

Deskribapen osoa

Gorde:
Xehetasun bibliografikoak
Egile nagusia: Гатапова Н. Ц.
Beste egile batzuk: Пахомова Ю. В., Пахомов А. Н.
Formatua: Книга
Hizkuntza:Russian
Argitaratua: Тамбов ТГТУ 2021
Sarrera elektronikoa:https://e.lanbook.com/book/320399
https://e.lanbook.com/img/cover/book/320399.jpg
Etiketak: Etiketa erantsi
Etiketarik gabe, Izan zaitez lehena erregistro honi etiketa jartzen!
LEADER 03296nam0a2200301 i 4500
001 320399
003 RuSpLAN
005 20240216150941.0
008 240216s2021 ru gs 000 0 rus
020 |a 978-5-8265-2434-3 
040 |a RuSpLAN 
041 0 |a rus 
044 |a ru 
080 |a 66.01.001.24 
084 |a Л11-5-04я73-5  |2 rubbk 
245 0 0 |a Прочностные расчёты теплообменного оборудования  |b учебное пособие  |c Гатапова Н. Ц.,Пахомова Ю. В.,Пахомов А. Н. 
260 |a Тамбов  |b ТГТУ  |c 2021 
300 |a 84 с. 
504 |a Библиогр.: доступна в карточке книги, на сайте ЭБС Лань 
520 8 |a Представлен теоретический материал по расчётам на прочность основного теплообменного оборудования, используемого в химической, пищевой и фармацевтической промышленности. Приведены типовые схемы теплообменных аппаратов и представлен алгоритм прочностного расчёта. Рассмотрены методы определения допускаемого напряжения для трубного и межтрубного пространства, методы определения давления испытания, конструктивной прибавки и определения коэффициента прочности сварного шва. Отдельно рассмотрен алгоритм определения толщины составляющих элементов теплообменника: цилиндрических обечаек, эллиптических и конических днищ и крышек, плоских днищ и крышек. Представлен подробный расчёт фланцевого соединения на прочность и герметичность, расчёт фланцев на статическую прочность, приведена проверка углов поворота фланцев. Представлены примеры расчётов всех рассмотренных элементов теплообменного оборудования. Предназначено для студентов 2 и 3 курса направления подготовки 18.03.02 «Энерго- и ресурсосберегающие процессы в химической технологии, нефтехимии и биотехнологии» и 3 курса направления 21.03.01 «Нефтегазовое дело» дневной и заочной форм обучения. 
521 8 |a Книга из коллекции ТГТУ - Инженерно-технические науки 
521 8 |a СЭБ 
100 1 |a Гатапова Н. Ц. 
700 1 |a Пахомова Ю. В. 
700 1 |a Пахомов А. Н. 
856 4 |u https://e.lanbook.com/book/320399 
856 4 8 |u https://e.lanbook.com/img/cover/book/320399.jpg 
953 |a https://e.lanbook.com/img/cover/book/320399.jpg 
Cannot write session to /tmp/vufind_sessions/sess_1e2jad7l8b6f02es2g5jet29rf